|
|
|
|
| LEADER |
00000nam a2200000 a 4500 |
| 001 |
vtls001117723 |
| 003 |
SK-MaSNL |
| 005 |
20260223163115.0 |
| 008 |
250414s1983 xo 0 slo |
| 015 |
|
|
|a SNBA1984/03
|
| 035 |
|
|
|a SNK000060566
|
| 040 |
|
|
|a SNK
|b slo
|c SNK
|e AACR2
|
| 041 |
0 |
|
|a slo
|
| 044 |
|
|
|a xo
|c SK
|
| 080 |
|
|
|a 371.214.112:33:373.6
|2 1981
|
| 080 |
|
|
|a 33
|2 1981
|
| 080 |
|
|
|a 373.6
|2 1981
|
| 080 |
|
|
|a 373.6(073)
|2 1981
|
| 245 |
0 |
0 |
|a 63-01-6 Všeobecná ekonomika
|b Základné pedagogické dokumenty pre stredné odborné školy
|
| 250 |
|
|
|a 1. vyd.
|
| 260 |
|
|
|a Bratislava
|b Slovenské pedagogické nakladateľstvo
|c 1983
|e Nitra
|f Nitrianske tlačiarne
|
| 300 |
|
|
|a 148 s., 8,75 AH
|c 29 cm
|
| 366 |
|
|
|e 235 výtl.
|
| 852 |
|
|
|a Slovenská národná knižnica
|
| 954 |
|
|
|a ekonomika
|a osnovy učebné
|
| 958 |
|
|
|a UO
|
| 958 |
|
|
|a TL
|
| 958 |
|
|
|a OND
|
| 999 |
|
|
|c 613863
|d 615793
|
| 952 |
|
|
|a SNK
|b SNK
|y PREZ
|7 0
|p 17A0771872
|o snkSB 37301
|0 0
|1 0
|4 0
|d 2012-04-03
|f 1
|l 0
|r 2025-04-16 00:00:00
|w 2026-02-23
|
| 952 |
|
|
|t P60, <04>, [BOOK], {604}
|a SNK
|b SNK
|y VYP
|7 0
|p 17A0073796
|o snkSB 37301 D1
|0 0
|1 0
|4 0
|d 1997-06-12
|l 0
|r 2004-12-31 00:00:00
|w 2026-02-23
|